Wiedza szkolna - Statystyki

Ogólne statystyki
  • Ten quiz został rozwiązany 526 razy
  • Średni wynik to 7 z 10
Statystyki odpowiedzi
Zagadnienie Odpowiedź % Poprawnych
Wartościowość tlenu w tlenkach II
85%
Prędkość w ruchu jednostajnym obliczymy korzystając z wzoru: v=s/t
85%
Jedna z nerek znajduje się w budowie układu wydalniczego, druga- pokarmowego. Fałsz
82%
Najdłużej działającą partią polityczną jest: PSL
74%
Wzór na pole trójkąta to: axh:2
71%
Akcja powieści "W 80 dni dookoła świata" kończy się happy endem Prawda
68%
Bliżej Polski znajduje się Zwrotnik Raka
65%
Netykieta to: Zbiór zasad w internecie
62%
Mąż Żony Modnej miał na imię: Piotr
56%
Do najważniejszych wartości endecji (Narodowa Demokracja) nie należały: zwiększenie podatku dla narodów zaborców
32%
Nie znaleziono quizów pasujących do podanych kryteriów
Rozkład punktacji
Procent ludzi z każdym wynikiem
Percentyl według liczby udzielonych odpowiedzi
Twoja historia wyników
Nie rozwiązałeś tego quizu